Experiencia laboral en Siemens VDO S.A. de C.V. /
Shranjeno v:
| Glavni avtor: | |
|---|---|
| Format: | Tesis Knjiga |
| Jezik: | španščina |
| Teme: | |
| Oznake: |
Brez oznak, prvi označite!
|
MARC
| LEADER | 00000nam^a2200000^a^4500 | ||
|---|---|---|---|
| 001 | 000183531 | ||
| 005 | 20250521000000.0 | ||
| 009 | 20260310102044.681 | ||
| 037 | |a Acervo ITESO - Biblioteca | ||
| 041 | |a ESP | ||
| 090 | |a CIN. 312 | ||
| 100 | |a Gil González, Juan Carlos |e (autor) | ||
| 245 | 1 | 0 | |a Experiencia laboral en Siemens VDO S.A. de C.V. / |c J.C. Gil González. |
| 264 | |a Guadalajara, México : |b edición de autor, |c 2005 | ||
| 300 | |a 1 disco compacto de computadora | ||
| 336 | |a datos para computadora |b cod |2 rdacontenido | ||
| 337 | |a computadora |b c |2 rdamedio | ||
| 338 | |a disco de computadora |b cd |2 rdasoporte | ||
| 502 | |a ITESO Reporte Profesional de Licenciatura en Comercio Internacional | ||
| 649 | |a XX | ||
| 650 | |a Industria Eléctrica - |z Guadalajara, Jalisco | ||
| 650 | |a Industria Eléctrica - |z Jalisco | ||
| 650 | |a Industria Eléctrica - |z México | ||
| 650 | |a Compras de Material | ||
| 650 | |a Inventarios | ||
| 650 | |a Planeación Administrativa | ||
| 650 | |a Traslado de Mercancías | ||
| 650 | |a Distribución del Producto | ||
| 650 | |a Administración del Producto | ||
| 650 | |a Proceso Administrativo | ||
| 650 | |a Administración | ||
| 650 | |a Ingeniería Industrial | ||
| 650 | |a Comercio Internacional | ||
| 650 | |a Ciencias Administrativas | ||
| 910 | |a Fondo General | ||
| 920 | |a Electrónicos - Tesis del ITESO en Disco | ||
| 905 | |a 202 | ||
| 901 | |a 0500124178 |b IT2 |c STS |u 20250521 | ||
| 902 | |a https://opac.biblio.iteso.mx/vufind/Record/000183531 | ||